000 00782nabaa22001817a 4500
999 _c6175
_d6175
003 OSt
005 20260123232214.0
008 190701b xxu||||| |||| 00| 0 spa d
040 _cPJ
245 1 0 _aLímites de la prohibición de la reformatio in pejus a la revisión de la sanción disciplinaria en el recurso /
_cLeandro Salgan Ruiz.
300 _ap. 57-72
500 _aCita: TR LALEY AR/DOC/1113/2024
505 _aSumario: I. Introducción.— II. Desarrollo.— III. Conclusiones.
505 _t¿Te interesa el texto completo? Comunicate al correo: koha@justierradelfuego.gov.ar
650 0 _9211
_aDERECHO ADMINISTRATIVO
773 0 _02842
_93251
_dBuenos Aires : AbeledoPerrot, 2012-
_oDA121
_tDerecho administrativo. Nº 153 mayo/junio 2024
_z18510590
942 _2udc
_cANA